[Event "World Blitz Women 2023"]
[Site "Samarkand UZB"]
[Date "2023.12.30"]
[Round "10.22"]
[White "Pourkashiyan, Atousa"]
[Black "Kiolbasa, Oliwia"]
[Result "1/2-1/2"]
[WhiteElo "2221"]
[BlackElo "2313"]
[EventDate "2023.12.29"]

1. e4 e5 2. Nf3 Nc6 3. Bb5 a6 4. Ba4 Nf6 5. O-O Bc5 6. c3 b5 7. Bc2 d6 8.
d4 Ba7 9. h3 Bb7 10. Re1 h6 11. Be3 O-O 12. Nbd2 Re8 13. a3 exd4 14. cxd4
Ne7 15. d5 Ng6 16. Bxa7 Rxa7 17. Nf1 c6 18. dxc6 Bxc6 19. Ng3 Rc7 20. Qd2
Ne5 21. Nd4 Bb7 22. Bb3 Nc4 23. Bxc4 Rxc4 24. Ndf5 Nxe4 25. Nxe4 Rcxe4 26.
Rxe4 Rxe4 27. Qxd6 Qxd6 28. Nxd6 Re7 29. Nxb7 Rxb7 30. Rc1 Rd7 31. Rc6 Rd1+
32. Kh2 Rd2 33. b4 Rxf2 34. Rxa6 Ra2 35. Kg3 h5 36. h4 g6 37. Kf3 Kg7 38.
g3 f6 39. Ra5 g5 40. hxg5 fxg5 41. Ra6 Kf7 42. Ke4 h4 43. gxh4 gxh4 44. Rh6
Rxa3 45. Rxh4 Rc3 46. Kd5 Ke7 47. Rh7+ Kd8 48. Rb7 Rb3 49. Rxb5 Kc7 50. Kc4
Rb1 51. Rh5 Kb6 52. Rh6+ Kb7 53. Kb5 Rg1 54. Rh7+ Kb8 55. Rd7 Rg5+ 56. Ka6
Rg6+ 57. Ka5 Rg5+ 58. Kb6 Rg6+ 59. Kc5 Rg5+ 60. Kc4 Rg4+ 61. Kb3 Rg3+ 62.
Ka4 Rg5 63. Rh7 Rf5 64. b5 Rf1 65. Ka5 Rf6 66. Re7 Rg6 67. Rd7 Rh6 68. Rd8+
Kb7 69. Rg8 Rf6 70. Rg7+ Kb8 71. Rd7 Rh6 72. Kb4 Kc8 73. Ra7 Kb8 74. Rf7
Rg6 75. Rf5 Kb7 76. Kc5 Rh6 77. Rf7+ Kb8 78. Rd7 Rg6 79. Kb4 Rh6 80. Ka5
Rg6 81. b6 Rg1 82. Rd8+ Kb7 83. Rd7+ Kb8 84. Rd4 Ra1+ 85. Ra4 Rxa4+ 86.
Kxa4 Kb7 87. Kb5 Kb8 88. Kc6 Kc8 89. Kd6 Kb7 90. Kc5 Kb8 91. Kb5 Kb7 92.
Ka5 Kb8 93. Ka6 Ka8 94. Kb5 Kb7 95. Kc5 Kb8 96. Kc6 Kc8 97. b7+ Kb8 98. Kb6
1/2-1/2

[Event "World Blitz Women 2023"]
[Site "Samarkand UZB"]
[Date "2023.12.30"]
[Round "10.23"]
[White "Injac, Teodora"]
[Black "Gvetadze, Sofio"]
[Result "0-1"]
[WhiteElo "2287"]
[BlackElo "2170"]
[EventDate "2023.12.29"]

1. d4 Nf6 2. Nf3 g6 3. c4 Bg7 4. g3 O-O 5. Bg2 d6 6. Nc3 Nbd7 7. O-O c5 8.
h3 Rb8 9. Be3 cxd4 10. Nxd4 a6 11. Qd2 Re8 12. Rfd1 Ne5 13. b3 Qa5 14. Rab1
Bd7 15. a4 Nc6 16. Nxc6 Bxc6 17. b4 Qd8 18. a5 Bxg2 19. Kxg2 Qc8 20. c5
dxc5 21. Bxc5 h5 22. Nd5 Ne4 23. Qe3 Nxc5 24. bxc5 e6 25. Nb6 Qc6+ 26. Kh2
Rbd8 27. Nc4 h4 28. g4 Rd5 29. Rxd5 Qxd5 30. Nd6 Be5+ 31. f4 Bxd6 32. cxd6
Qxd6 33. Rxb7 Qd5 34. Qb3 Qxa5 35. Rb8 Rxb8 36. Qxb8+ Kg7 37. Qb2+ Kg8 38.
Qf6 Qd2 39. Qxh4 Qxe2+ 40. Kh1 Qf1+ 41. Kh2 Qxf4+ 42. Kg2 Qe4+ 43. Kg1 Qd4+
44. Kg2 a5 45. Qg5 Qd5+ 0-1

[Event "World Blitz Women 2023"]
[Site "Samarkand UZB"]
[Date "2023.12.30"]
[Round "10.24"]
[White "Berend, Elvira"]
[Black "Ni, Shiqun"]
[Result "0-1"]
[WhiteElo "2202"]
[BlackElo "2270"]
[EventDate "2023.12.29"]

1. Nf3 d5 2. g3 g6 3. Bg2 Bg7 4. O-O e5 5. d3 Ne7 6. e4 Nbc6 7. Re1 O-O 8.
c3 a5 9. a4 h6 10. Na3 Be6 11. exd5 Bxd5 12. Nc2 f5 13. Ne3 Bf7 14. Qc2 Qd7
15. b3 Rad8 16. Rd1 Be6 17. Ba3 f4 18. Nc4 Bg4 19. Qe2 Qf5 20. Bxe7 Nxe7
21. Ncxe5 Bxe5 22. Qxe5 Qxe5 23. Nxe5 Bxd1 24. Rxd1 c6 25. d4 Kg7 26. Nc4
Nd5 27. Rc1 f3 28. Bf1 b6 29. Ne5 Rd6 30. Bd3 g5 31. Be4 c5 32. Nxf3 cxd4
33. Nxd4 Nxc3 34. Rxc3 Rxd4 35. Bd3 Rf7 36. Bc4 Re7 37. Rc2 Kf6 38. Kg2 Re1
39. h3 Rd6 40. Rb2 Red1 41. Re2 R1d2 42. Re3 Kg6 43. g4 Rb2 44. Bd3+ Kf6
45. Bc4 Rdd2 46. Rf3+ Ke7 47. Kg3 Rbc2 48. Rf7+ Kd6 49. Rf6+ Kc5 50. Rf5+
Kc6 51. Rf6+ Kc5 52. Rf5+ Kc6 53. Rf6+ Rd6 54. Rf3 Kc5 55. Rf5+ Kd4 56. Rf3
Rc3 57. Rxc3 Kxc3 58. h4 Rd4 59. hxg5 hxg5 60. Be6 Rf4 61. f3 Kd4 62. Bc4
Ke3 63. Bd5 Rd4 64. Be6 Rd1 65. Kg2 Rd6 66. Bc4 Rd2+ 67. Kg3 Rf2 68. Bd5
Rf1 69. Kg2 Rd1 70. Bc4 Rd4 71. Kg3 Rd6 72. Kg2 Kf4 73. Kf2 Rd2+ 74. Ke1
Ke3 75. Be6 Rh2 76. Kd1 Kxf3 77. Kc1 Kf4 78. Kb1 Rg2 79. Kc1 Rxg4 0-1

[Event "World Blitz Women 2023"]
[Site "Samarkand UZB"]
[Date "2023.12.30"]
[Round "10.25"]
[White "Badelka, Olga"]
[Black "Gaboyan, Susanna"]
[Result "0-1"]
[WhiteElo "2262"]
[BlackElo "2086"]
[EventDate "2023.12.29"]

1. d4 Nf6 2. c4 a6 3. Nf3 b5 4. b3 g6 5. Bb2 Bg7 6. e3 bxc4 7. bxc4 d5 8.
c5 O-O 9. Nbd2 Nc6 10. Be2 Rb8 11. Qc1 Ne4 12. Nxe4 dxe4 13. Nd2 e5 14.
dxe5 Nxe5 15. Bd4 Qg5 16. Kf1 Bg4 17. Bxg4 Qxg4 18. h3 Qf5 19. g4 Qe6 20.
Bxe5 Qxe5 21. Rb1 Qd5 22. Rxb8 Rxb8 23. Nb3 h5 24. Kg2 Qg5 25. Qd1 Rd8 26.
Qe2 f5 27. Rc1 hxg4 28. hxg4 fxg4 29. Rc4 Qf5 30. c6 Be5 31. Rc1 Kg7 32.
Rh1 Qf3+ 33. Qxf3 gxf3+ 34. Kh3 Rh8+ 0-1

[Event "World Blitz Women 2023"]
[Site "Samarkand UZB"]
[Date "2023.12.30"]
[Round "10.1"]
[White "Aydin, Gulenay"]
[Black "Mammadova, Gulnar"]
[Result "1-0"]
[WhiteElo "2009"]
[BlackElo "2247"]
[EventDate "2023.12.29"]

1. e4 e5 2. Nf3 Nc6 3. Nc3 Nf6 4. d4 exd4 5. Nxd4 Bb4 6. Nxc6 bxc6 7. Bd3
d5 8. exd5 O-O 9. O-O cxd5 10. h3 c6 11. Qf3 Bd6 12. Re1 Rb8 13. b3 Re8 14.
Bf4 Be6 15. Ne2 Qc7 16. Rad1 c5 17. c4 Rbd8 18. Bg5 Be5 19. Bxf6 Bxf6 20.
Nf4 dxc4 21. Nxe6 fxe6 22. Bxc4 Rxd1 23. Qxd1 Qc6 24. Qg4 Kf7 25. Qh5+ Kg8
26. a4 1-0

[Event "World Blitz Women 2023"]
[Site "Samarkand UZB"]
[Date "2023.12.30"]
[Round "10.2"]
[White "Voit, Daria"]
[Black "Krush, Irina"]
[Result "0-1"]
[WhiteElo "2215"]
[BlackElo "2359"]
[EventDate "2023.12.29"]

1. d4 d5 2. c4 dxc4 3. Nf3 a6 4. e3 Bg4 5. h3 Bh5 6. Bxc4 e6 7. Nc3 Nc6 8.
O-O Nf6 9. Qc2 Bd6 10. Be2 O-O 11. Rd1 Qe7 12. a3 e5 13. d5 Nb8 14. e4 Nbd7
15. b4 Rac8 16. Be3 c6 17. Qb3 Bg6 18. Nd2 cxd5 19. Nxd5 Nxd5 20. Qxd5 Nf6
21. Qd3 Rfd8 22. Qb1 Rc3 23. Bb6 Rdc8 24. f3 Nh5 25. Bf2 Nf4 26. Bf1 Qg5
27. Kh2 h5 28. Qb2 Rc2 29. Qb3 R8c3 30. Qa4 Nxh3 31. gxh3 Rxd2 32. Rxd2
Qxd2 33. Kg1 Rxf3 34. Bh4 Bc7 35. Rd1 Bb6+ 36. Kh1 Qe3 37. Bg2 Rxh3+ 0-1

[Event "World Blitz Women 2023"]
[Site "Samarkand UZB"]
[Date "2023.12.30"]
[Round "10.3"]
[White "Yu, Jennifer"]
[Black "Tsolakidou, Stavroula"]
[Result "0-1"]
[WhiteElo "2197"]
[BlackElo "2345"]
[EventDate "2023.12.29"]

1. Nf3 Nf6 2. c4 g6 3. Nc3 Bg7 4. g3 O-O 5. Bg2 d6 6. O-O Nbd7 7. d4 e5 8.
Re1 Re8 9. e4 exd4 10. Nxd4 Nc5 11. b3 a5 12. Bb2 a4 13. bxa4 Ng4 14. Nb3
Nxa4 15. Nxa4 Rxa4 16. Bxg7 Kxg7 17. c5 dxc5 18. Nxc5 Rd4 19. Qb3 b6 20.
Na4 Be6 21. Qb2 Kg8 22. Nc3 Rd2 23. Qb5 Nxf2 24. Nd5 Bxd5 25. exd5 Rxe1+
26. Rxe1 Qd6 27. Qe8+ Kg7 28. Rf1 Qc5 29. Qe5+ f6 30. Qe6 Nh3+ 31. Kh1 Qg1+
0-1

[Event "World Blitz Women 2023"]
[Site "Samarkand UZB"]
[Date "2023.12.30"]
[Round "10.4"]
[White "Buksa, Nataliya"]
[Black "Lu, Miaoyi"]
[Result "1-0"]
[WhiteElo "2316"]
[BlackElo "2284"]
[EventDate "2023.12.29"]

1. e4 c5 2. b3 Nc6 3. Bb2 e6 4. Nf3 a6 5. Nc3 e5 6. a4 d6 7. Bc4 g6 8. Nd5
Bg7 9. d3 Nge7 10. Ne3 O-O 11. h4 h6 12. Qd2 Nd4 13. c3 Nxf3+ 14. gxf3 h5
15. d4 Bd7 16. dxc5 dxc5 17. a5 1-0

[Event "World Blitz Women 2023"]
[Site "Samarkand UZB"]
[Date "2023.12.30"]
[Round "10.5"]
[White "Cori T., Deysi"]
[Black "Tokhirjonova, Gulrukhbegim"]
[Result "1-0"]
[WhiteElo "2304"]
[BlackElo "2265"]
[EventDate "2023.12.29"]

1. Nf3 d5 2. d4 Nf6 3. c4 e6 4. Nc3 Be7 5. e3 O-O 6. Qc2 b6 7. cxd5 exd5 8.
Bd3 c5 9. dxc5 bxc5 10. O-O h6 11. Rd1 Nc6 12. a3 Be6 13. Na4 Nd7 14. e4 d4
15. h3 Rc8 16. Bb5 Na5 17. Nd2 c4 18. Nf3 d3 19. Qc3 Nb3 20. Rb1 Nb6 21.
Be3 Qc7 22. Nxb6 axb6 23. e5 Ra8 24. Nd4 Nxd4 25. Bxd4 Rfd8 26. Rbc1 Rac8
27. Ba6 Ra8 28. Bxc4 Bxc4 29. Qxc4 Qd7 30. Bxb6 Rdc8 31. Qe4 Rxc1 32. Qxa8+
Rc8 33. Qe4 d2 34. Be3 Qb5 35. Rxd2 Rc1+ 36. Kh2 Qf1 37. Rc2 Qg1+ 38. Kg3
Rxc2 39. Qxc2 h5 40. Qc8+ Kh7 1-0

[Event "World Blitz Women 2023"]
[Site "Samarkand UZB"]
[Date "2023.12.30"]
[Round "10.6"]
[White "Nomin-Erdene, Davaademberel"]
[Black "Bivol, Alina"]
[Result "1-0"]
[WhiteElo "2299"]
[BlackElo "2250"]
[EventDate "2023.12.29"]

1. g3 d5 2. Bg2 Nf6 3. d3 e5 4. Nf3 Bd6 5. Nbd2 O-O 6. e4 c6 7. O-O Re8 8.
c3 b6 9. Qc2 Nbd7 10. Rd1 Bb7 11. Nf1 c5 12. Nh4 Bf8 13. a4 Qc7 14. Ne3 d4
15. Nd5 Nxd5 16. exd5 Nf6 17. c4 g6 18. Bg5 Bg7 19. Qd2 Qd6 20. Re1 Nh5 21.
Bh6 f5 22. Bxg7 Kxg7 23. Re2 Qf6 24. Rae1 Re7 25. f4 Rae8 26. fxe5 Rxe5 27.
Nf3 Rxe2 28. Rxe2 Qd8 29. Qe1 Nf6 30. Ng5 Rxe2 31. Qxe2 Bc8 32. Qe5 h6 33.
Ne6+ Bxe6 34. dxe6 Qe7 35. Bc6 Kh7 36. h3 h5 37. Bd5 Kh6 38. Qb8 Nxd5 39.
cxd5 Kg7 40. Qe5+ Qf6 41. Qxf6+ Kxf6 42. b3 a6 43. h4 Ke7 44. Kf2 Kd6 45.
Kf3 b5 46. axb5 axb5 1-0

[Event "World Blitz Women 2023"]
[Site "Samarkand UZB"]
[Date "2023.12.30"]
[Round "10.7"]
[White "Druzhinina, Olga"]
[Black "Khamdamova, Afruza"]
[Result "0-1"]
[WhiteElo "2055"]
[BlackElo "2295"]
[EventDate "2023.12.29"]

1. e4 e5 2. d4 exd4 3. Qxd4 Nc6 4. Qc4 Nf6 5. Nc3 d6 6. Bf4 Be6 7. Qb5 Qc8
8. O-O-O a6 9. Qe2 Be7 10. f3 O-O 11. g4 b5 12. g5 Nh5 13. Be3 f6 14. Nd5
fxg5 15. Nxe7+ Nxe7 16. Bxg5 Ng6 17. Kb1 Nhf4 18. Qd2 h6 19. Bxf4 Nxf4 20.
Ne2 Nxe2 21. Bxe2 Qe8 22. Rhg1 Kh8 23. Qd4 Qf7 24. a3 Rad8 25. Rg3 Qf6 26.
Qxf6 Rxf6 27. Kc1 Rdf8 28. Kd2 Rf4 29. Rdg1 g5 30. Ke3 Kg7 31. R1g2 Kf6 32.
b3 Ke5 33. Rg1 Rh4 34. R1g2 c5 35. Bd1 d5 36. exd5 Bxd5 37. Re2 Kd6 38. Rd2
Ke6 39. Be2 Re8 40. c4 bxc4 41. bxc4 Bxc4 42. Bxc4+ Rxc4 43. Rh3 Kf6+ 44.
Kf2 Rh4 45. Rxh4 gxh4 46. Rd6+ Re6 47. Rd8 Rc6 48. Ke3 c4 49. Kd2 Ke5 50.
Rf8 c3+ 51. Kc2 Kd4 52. Rf4+ Ke3 53. Rxh4 Kxf3 54. Rh5 Kg4 55. Rd5 h5 56.
Rd3 h4 57. h3+ Kf4 58. Rd4+ Kg3 59. Rd3+ Kg2 60. a4 a5 61. Re3 Rc4 62. Rd3
Rxa4 63. Rxc3 Rf4 64. Ra3 a4 65. Kd2 Rf3 66. Rxa4 Kxh3 67. Ke2 Rf6 68. Rb4
Kg3 69. Rb8 h3 70. Rg8+ Kh2 71. Rg7 Kh1 72. Rg8 h2 73. Rg7 Ra6 74. Rg8 Ra1
75. Kf2 Rg1 76. Rh8 Rg2+ 77. Kf1 Rg6 78. Rh7 Rf6+ 79. Ke2 Rf4 80. Ke3 Rf5
81. Ke2 Kg2 82. Rg7+ Kh3 83. Rh7+ Kg3 84. Rg7+ Kh4 0-1

[Event "World Blitz Women 2023"]
[Site "Samarkand UZB"]
[Date "2023.12.30"]
[Round "10.8"]
[White "Arabidze, Meri"]
[Black "Toncheva, Nadya"]
[Result "1-0"]
[WhiteElo "2416"]
[BlackElo "2162"]
[EventDate "2023.12.29"]

1. Nf3 c5 2. c4 g6 3. Nc3 Bg7 4. g3 e6 5. Bg2 Ne7 6. d4 cxd4 7. Nxd4 Nbc6
8. Ndb5 O-O 9. O-O b6 10. Bf4 e5 11. Bc1 Nf5 12. b3 a6 13. Nd6 Nxd6 14.
Qxd6 Bb7 15. Bb2 Re8 16. Rad1 Re7 17. e3 Bf8 18. Nd5 Re6 19. Qc7 Qb8 20.
Qxb8 Rxb8 21. Nxb6 d6 22. Nd7 Rd8 23. Nxf8 Kxf8 24. Ba3 Ke7 25. Rd2 Rd7 26.
Rfd1 Nd8 27. c5 Bxg2 28. cxd6+ Kf6 29. Kxg2 Nb7 30. e4 Re8 31. Rc1 Ke6 32.
Rc6 a5 33. f4 f6 34. Kf3 Red8 35. h4 h5 36. b4 axb4 37. Bxb4 Ra8 38. a3 Nd8
39. Rc7 Nf7 40. f5+ gxf5 41. exf5+ Kxf5 42. Rxd7 e4+ 43. Ke2 Ne5 44. Rc7
Rg8 45. d7 Rxg3 46. d8=Q Rg2+ 47. Kd1 1-0

[Event "World Blitz Women 2023"]
[Site "Samarkand UZB"]
[Date "2023.12.30"]
[Round "10.9"]
[White "Zhai, Mo"]
[Black "Beydullayeva, Govhar"]
[Result "0-1"]
[WhiteElo "2342"]
[BlackElo "2132"]
[EventDate "2023.12.29"]

1. d4 Nf6 2. c4 e6 3. Nf3 d5 4. Nc3 c6 5. e3 Nbd7 6. Qc2 Bd6 7. b3 O-O 8.
Be2 Re8 9. O-O b6 10. Bb2 Bb7 11. Rad1 Rc8 12. Rfe1 e5 13. dxe5 Nxe5 14.
Nxe5 Bxe5 15. Bf3 Qe7 16. cxd5 cxd5 17. Qd3 Red8 18. Na4 Bxb2 19. Nxb2 Ne4
20. Na4 h6 21. h3 Qf6 22. Rc1 Qe7 23. Bg4 Rxc1 24. Rxc1 d4 25. exd4 Qf6 26.
Qe3 Rxd4 27. Rc7 Bd5 28. Rd7 Rd2 29. Bf3 Qa1+ 30. Kh2 Qe5+ 31. Kg1 Qa1+ 32.
Kh2 Qe5+ 33. Kg1 Qa1+ 34. Kh2 Qe5+ 35. g3 Rxf2+ 36. Bg2 Rxg2+ 37. Kxg2 Nc5+
38. Kf2 0-1

[Event "World Blitz Women 2023"]
[Site "Samarkand UZB"]
[Date "2023.12.30"]
[Round "10.10"]
[White "Kairbekova, Amina"]
[Black "Padmini, Rout"]
[Result "0-1"]
[WhiteElo "2131"]
[BlackElo "2302"]
[EventDate "2023.12.29"]

1. e4 e5 2. Nf3 Nc6 3. Bb5 a6 4. Ba4 Nf6 5. O-O d6 6. d3 g6 7. c3 Bg7 8. d4
b5 9. Bc2 Bg4 10. d5 Ne7 11. h3 Bd7 12. a4 O-O 13. Bg5 h6 14. Be3 c6 15.
dxc6 Bxc6 16. Nbd2 Qc7 17. a5 d5 18. Bb6 Qb8 19. Bc5 Re8 20. Re1 dxe4 21.
Nxe4 Nxe4 22. Bxe4 Qb7 23. Bxc6 Nxc6 24. Qc2 f5 25. Nh4 Qf7 26. b4 e4 27.
Qa2 Qxa2 28. Rxa2 Kf7 29. Rc2 Bf6 30. g3 Bxh4 31. gxh4 Ne5 32. Kg2 Rad8 33.
Bb6 Rd3 34. Re3 Nc4 35. Bc5 Nxe3+ 36. fxe3 Red8 37. Kg3 Rd2 38. Rc1 Rd1 39.
Rc2 R8d2 40. Rxd2 Rxd2 41. h5 g5 42. Bd4 Rc2 43. Be5 Re2 44. Bd4 Rd2 45.
Bc5 Rd3 46. Bd4 f4+ 47. Kf2 Rd2+ 48. Ke1 Rh2 49. exf4 gxf4 50. Be5 Rxh3 51.
Bxf4 Rxh5 52. Ke2 Ke6 53. Ke3 Kd5 54. Bb8 Rh3+ 55. Kf4 Rxc3 0-1

[Event "World Blitz Women 2023"]
[Site "Samarkand UZB"]
[Date "2023.12.30"]
[Round "10.11"]
[White "Guichard, Pauline"]
[Black "Borisova, Ekaterina"]
[Result "0-1"]
[WhiteElo "2281"]
[BlackElo "2130"]
[EventDate "2023.12.29"]

1. d4 g6 2. g3 Bg7 3. Bg2 d6 4. Nf3 e5 5. dxe5 dxe5 6. Qxd8+ Kxd8 7. O-O c6
8. Nc3 h6 9. Rd1+ Kc7 10. b4 Bf5 11. Bb2 Nd7 12. b5 Nb6 13. bxc6 bxc6 14.
Nd2 Ne7 15. a4 Rab8 16. Ba3 Ned5 17. Nxd5+ cxd5 18. e4 Bg4 19. f3 Be6 20.
Nb3 d4 21. Nc5 Bc4 22. Bf1 Kc6 23. Nd3 a5 24. Rab1 Nxa4 25. Rxb8 Rxb8 26.
Nxe5+ Bxe5 27. Bxc4 Nc3 28. Re1 f6 29. Ra1 Bc7 30. f4 Bb6 31. Kg2 g5 32.
Bc1 Rc8 33. Bd3 Re8 34. Kf3 g4+ 35. Kxg4 Nxe4 36. Rb1 Nf2+ 37. Kf3 Nxd3 38.
cxd3 Re1 39. Ra1 Rh1 40. Bb2 Rxh2 41. Rc1+ Kb5 42. Ba3 Rd2 43. Ke4 Re2+ 44.
Kf5 Re3 45. g4 Rxd3 46. Be7 Re3 47. Bxf6 d3 48. Bc3 a4 49. Rb1+ Kc4 50. Bd2
Re2 51. Bb4 Be3 52. g5 hxg5 53. fxg5 Rg2 54. g6 d2 55. Kf6 Kd3 56. Kf7 Bd4
57. Ba5 Kc2 0-1

[Event "World Blitz Women 2023"]
[Site "Samarkand UZB"]
[Date "2023.12.30"]
[Round "10.12"]
[White "Nurgali, Nazerke"]
[Black "Kovanova, Baira"]
[Result "0-1"]
[WhiteElo "2068"]
[BlackElo "2234"]
[EventDate "2023.12.29"]

1. d4 Nf6 2. Nf3 e6 3. c4 d5 4. Nc3 Nbd7 5. Bg5 h6 6. Bh4 Be7 7. e3 O-O 8.
Rc1 c5 9. cxd5 Nxd5 10. Bxe7 Nxe7 11. dxc5 Nxc5 12. Bc4 b6 13. O-O Bb7 14.
b4 Ne4 15. Nxe4 Bxe4 16. Ne5 Nd5 17. Qg4 Bf5 18. Qg3 Nxb4 19. Rfd1 Qg5 20.
Qxg5 hxg5 21. a3 Nc2 22. Nc6 Nxa3 23. Ne7+ Kh8 24. e4 Bxe4 25. Bd3 Rae8 26.
Bxe4 Rxe7 27. Rc3 f5 28. Bd3 Rd8 29. Rxa3 Red7 30. Kf1 b5 31. Ke2 b4 32.
Ra6 b3 33. Rxe6 b2 34. Bxf5 Rxd1 35. Re7 b1=Q 0-1

[Event "World Blitz Women 2023"]
[Site "Samarkand UZB"]
[Date "2023.12.30"]
[Round "10.13"]
[White "Balabayeva, Xeniya"]
[Black "Abdulla, Khayala"]
[Result "1-0"]
[WhiteElo "2202"]
[BlackElo "2118"]
[EventDate "2023.12.29"]

1. e4 c6 2. d4 d5 3. Nd2 dxe4 4. Nxe4 Nf6 5. Nxf6+ exf6 6. c3 Bd6 7. Bd3
O-O 8. Qc2 Re8+ 9. Ne2 h5 10. O-O h4 11. h3 Nd7 12. Bd2 Nf8 13. Rae1 Bc7
14. c4 Ne6 15. Qc3 Qd6 16. f4 b6 17. b4 Bb7 18. c5 Qd5 19. f5 Ng5 20. Bxg5
fxg5 21. f6 Re6 22. Bc4 Qd7 23. Bxe6 Qxe6 24. fxg7 Qg6 25. Nc1 Rd8 26. Re7
Rc8 27. Qf3 Ba6 28. Qxf7+ Qxf7 29. Rfxf7 Bf4 30. Nb3 Bc4 31. Rf8+ Rxf8 32.
gxf8=Q+ Kxf8 33. Rxa7 b5 34. Ra6 Bd5 35. Kf2 Ke7 36. Na5 Kd7 37. Ra7+ Ke6
38. Nb7 Bc1 39. Nd8+ Kf5 40. Rc7 Bb2 41. Nxc6 Bxa2 42. Ne7+ Ke4 43. d5 Bd4+
44. Ke2 Bc4+ 45. Kd2 Bxd5 46. Nxd5 Kxd5 47. Rd7+ Kc4 48. Rxd4+ Kxd4 49. c6
1-0

[Event "World Blitz Women 2023"]
[Site "Samarkand UZB"]
[Date "2023.12.30"]
[Round "10.14"]
[White "Sahithi, Varshini M"]
[Black "Kazarian, Anna-Maja"]
[Result "1-0"]
[WhiteElo "2189"]
[BlackElo "2023"]
[EventDate "2023.12.29"]

1. e4 e6 2. d4 d5 3. Nc3 Nf6 4. Bg5 Be7 5. e5 Nfd7 6. h4 h6 7. Bxe7 Qxe7 8.
f4 a6 9. Nf3 c5 10. Qd2 Nc6 11. O-O-O c4 12. f5 b5 13. Re1 b4 14. Nxd5 exd5
15. e6 O-O 16. exd7 Qxd7 17. f6 c3 18. bxc3 bxc3 19. Qxc3 Rb8 20. fxg7 Re8
21. Bd3 Nb4 22. Kd2 Nxa2 23. Rxe8+ Qxe8 24. Qc7 Be6 25. Qf4 Kxg7 26. Ne5
Qe7 27. Nc6 Qa3 28. Qe5+ f6 29. Qg3+ Kf7 30. Qc7+ Kf8 31. Qxb8+ Kf7 32.
Nd8+ Ke7 33. Qc7+ Ke8 34. Nxe6 Qb4+ 35. Ke3 Nc3 36. Bg6# 1-0

[Event "World Blitz Women 2023"]
[Site "Samarkand UZB"]
[Date "2023.12.30"]
[Round "10.15"]
[White "Savitha, Shri B"]
[Black "Shohradova, Leyla"]
[Result "1-0"]
[WhiteElo "2183"]
[BlackElo "1882"]
[EventDate "2023.12.29"]

1. e4 e6 2. d4 d5 3. Nc3 Bb4 4. e5 c5 5. a3 Bxc3+ 6. bxc3 Ne7 7. Qg4 Qc7 8.
Bd3 cxd4 9. Ne2 dxc3 10. Qxg7 Rg8 11. Qxh7 Nbc6 12. f4 Rxg2 13. Be3 Rg8 14.
Bc5 Bd7 15. Rb1 O-O-O 16. Bxe7 Nxe7 17. Qxf7 Nc6 18. Qh5 Qa5 19. Qf3 Qxa3
20. Qe3 d4 21. Qe4 Qc5 22. Rb5 Qa3 23. Nxd4 a6 24. Rb1 Qc5 25. Nf3 Rg2 26.
Nd4 Rd2 27. Ne2 Na5 28. Rf1 Bc6 29. Qb4 Qxb4 30. Rxb4 Rg8 31. Nxc3 Rxh2 32.
Rf2 Rg1+ 33. Ke2 Rhh1 34. f5 Re1+ 35. Kd2 exf5 36. Bxf5+ Kc7 37. e6 b6 38.
Rg4 Nb7 39. Be4 Nc5 40. Bxh1 Bxh1 41. Kxe1 1-0

[Event "World Blitz Women 2023"]
[Site "Samarkand UZB"]
[Date "2023.12.30"]
[Round "10.16"]
[White "Nurgaliyeva, Zarina"]
[Black "Mamedjarova, Turkan"]
[Result "1/2-1/2"]
[WhiteElo "2001"]
[BlackElo "2175"]
[EventDate "2023.12.29"]

1. e4 e5 2. Nf3 Nc6 3. Nc3 Nf6 4. Bb5 Bb4 5. O-O O-O 6. Bxc6 dxc6 7. d3 h6
8. Ne2 Re8 9. Ng3 Bg4 10. h3 Bh5 11. Nxh5 Nxh5 12. Nh2 Nf6 13. f4 exf4 14.
Bxf4 Bd6 15. Ng4 Nxg4 16. Qxg4 Bxf4 17. Qxf4 Qd4+ 18. Kh1 Qxb2 19. Qxf7+
Kh8 20. Qxc7 Qxc2 21. Rf7 Rg8 22. Qxb7 Rad8 23. Rf3 Rb8 24. Qxa7 Rb2 25.
Rg3 c5 26. Qc7 Qf2 27. Rg1 Rxa2 28. Rf3 Qd4 29. e5 Re2 30. Rf5 Qxd3 31. Qf7
Qe4 32. Kh2 c4 33. Rf3 Qxe5+ 34. Kh1 c3 35. Qc4 c2 36. Rd3 Re8 37. Rc3 Re1
38. Rxc2 Qe3 39. Rxe1 Qxe1+ 40. Kh2 Rf8 41. Qd4 Qb1 42. Rc7 Qg6 43. Rd7 Kh7
44. Qd3 Rf5 45. Rd6 Rf6 46. Qxg6+ Kxg6 47. Rxf6+ Kxf6 48. Kg3 Kg5 49. h4+
Kf5 50. Kf3 h5 51. g3 g6 52. Kf2 Kg4 53. Kg2 Kf5 54. Kf3 Ke5 1/2-1/2

[Event "World Blitz Women 2023"]
[Site "Samarkand UZB"]
[Date "2023.12.30"]
[Round "10.17"]
[White "Soumya, Swaminathan"]
[Black "Velpula, Sarayu"]
[Result "0-1"]
[WhiteElo "2154"]
[BlackElo "1747"]
[EventDate "2023.12.29"]

1. e4 c5 2. Nf3 d6 3. d4 cxd4 4. Nxd4 Nf6 5. Nc3 a6 6. g3 e5 7. Nde2 Be7 8.
Bg2 b5 9. Nd5 Nbd7 10. Nxe7 Qxe7 11. Nc3 Bb7 12. a3 O-O 13. O-O Rac8 14.
Re1 h6 15. h3 Rfd8 16. g4 Nc5 17. g5 hxg5 18. Bxg5 Ne6 19. Be3 g6 20. Kh2
Nh5 21. Nd5 Bxd5 22. exd5 Nef4 23. c3 Qh4 24. Qg4 Qf6 25. Rg1 Rc4 26. b3
Rxc3 27. Be4 Kh8 28. b4 Rdc8 29. Rac1 Rxc1 30. Rxc1 Rxc1 31. Bxc1 Qd8 32.
Be3 f5 33. Bxf5 gxf5 34. Qxf5 Qf6 35. Qc8+ Kh7 36. Qb7+ Kh6 37. Qc8 0-1

[Event "World Blitz Women 2023"]
[Site "Samarkand UZB"]
[Date "2023.12.30"]
[Round "10.18"]
[White "Zhu, Chen"]
[Black "Zhao, Shengxin"]
[Result "0-1"]
[WhiteElo "2379"]
[BlackElo "2079"]
[EventDate "2023.12.29"]

1. d4 Nf6 2. c4 e6 3. Nc3 Bb4 4. e3 O-O 5. Nf3 d5 6. Bd2 Nbd7 7. Bd3 b6 8.
cxd5 exd5 9. O-O Bb7 10. Rc1 a6 11. Ne5 Bxc3 12. Bxc3 Nxe5 13. dxe5 Ne4 14.
Qh5 Qg5 15. Qxg5 Nxg5 16. b4 c5 17. bxc5 bxc5 18. Rb1 Rab8 19. e6 d4 20.
exf7+ Nxf7 21. exd4 cxd4 22. Bxd4 Rfd8 23. Rfd1 Bd5 24. Rxb8 Rxb8 25. Bxa6
Bxa2 26. Be3 Rb1 27. Rxb1 Bxb1 28. h3 h5 29. Bc4 Kf8 30. Bc5+ Ke8 31. Bb5+
Kd8 32. Bd4 g6 33. Kh2 Ke7 34. Kg3 Nd6 35. Bc5 Ke6 36. Ba4 Ne4+ 37. Kf4
Nxc5 38. Be8 Kf6 39. h4 Nd3+ 40. Ke3 Ne5 41. f3 Bf5 42. Kf4 Nd3+ 43. Ke3
Ne1 44. Kf2 Nc2 45. Bc6 Nd4 46. Ba4 Ne6 47. Ke3 Ke5 48. Bd1 Nf4 49. g3 Nd5+
50. Kf2 Kd4 51. g4 Be6 52. Bc2 Nf4 53. Kg3 Ke3 54. Bb1 Ne2+ 55. Kg2 hxg4
0-1

[Event "World Blitz Women 2023"]
[Site "Samarkand UZB"]
[Date "2023.12.30"]
[Round "10.19"]
[White "Fataliyeva, Ulviyya"]
[Black "Hajiyeva, Laman"]
[Result "1-0"]
[WhiteElo "2268"]
[BlackElo "2076"]
[EventDate "2023.12.29"]

1. d4 d5 2. Nf3 Nf6 3. c3 Bf5 4. Qb3 Qc8 5. Bf4 e6 6. h3 h6 7. Nbd2 Be7 8.
e3 Nbd7 9. Be2 O-O 10. O-O c5 11. c4 b6 12. Ne5 Rd8 13. Rac1 Nxe5 14. Bxe5
Qd7 15. Rfd1 Rac8 16. cxd5 exd5 17. Ba6 Ra8 18. dxc5 bxc5 19. Nf3 Be4 20.
Nd2 c4 21. Nxc4 dxc4 22. Rxd7 cxb3 23. Rxe7 bxa2 24. Ra1 Rd1+ 25. Rxd1 Bb1
26. b4 Ne4 27. Bc4 Rc8 28. Bxf7+ Kf8 29. Rxa7 g5 30. Bxa2 1-0